Dakkanī adab kī tārik̲h̲. (Record no. 68227)

MARC details
000 -LEADER
fixed length control field 00640cam a22002411 4500
001 - CONTROL NUMBER
control field sa 66002223
003 - CONTROL NUMBER IDENTIFIER
control field DLC
005 - DATE AND TIME OF LATEST TRANSACTION
control field 20260227112227.0
008 - FIXED-LENGTH DATA ELEMENTS--GENERAL INFORMATION
fixed length control field 890706s1965 ii 000 0 urdr
010 ## - LIBRARY OF CONGRESS CONTROL NUMBER
LC control number sa 66002223
035 ## - SYSTEM CONTROL NUMBER
System control number (OCoLC)19968797
040 ## - CATALOGING SOURCE
Original cataloging agency DLC
Transcribing agency WaU
Modifying agency DLC
042 ## - AUTHENTICATION CODE
Authentication code premarc
043 ## - GEOGRAPHIC AREA CODE
Geographic area code a-ii---
050 00 - LIBRARY OF CONGRESS CALL NUMBER
Classification number PK2155
Item number .Z62 1965
100 1# - MAIN ENTRY--PERSONAL NAME
Personal name Zore, Muhiuddin Qadri,
Dates associated with a name 1905-1962.
245 10 - TITLE STATEMENT
Title Dakkanī adab kī tārik̲h̲.
260 ## - PUBLICATION, DISTRIBUTION, ETC.
Date of publication, distribution, etc. [1965]
300 ## - PHYSICAL DESCRIPTION
Extent 160 p.
Dimensions 19 cm.
500 ## - GENERAL NOTE
General note In Urdu.
500 ## - GENERAL NOTE
General note Text partially vocalized.
650 #0 - SUBJECT ADDED ENTRY--TOPICAL TERM
Topical term or geographic name entry element Urdu literature
Geographic subdivision India, South
General subdivision History and criticism.

No items available.

Powered by Koha